The Use of the math center and how it affects the Southville Internatonal School grade six students school year 1997-1998. (Record no. 96126)
[ view plain ]
| 000 -LEADER | |
|---|---|
| fixed length control field | 00376nam a2200109 a 4500 |
| 005 - DATE AND TIME OF LATEST TRANSACTION | |
| control field | 20140408090007.0 |
| 008 - FIXED-LENGTH DATA ELEMENTS--GENERAL INFORMATION | |
| fixed length control field | 030602s19uu xx 00 eng d |
| 050 ## - LIBRARY OF CONGRESS CALL NUMBER | |
| Classification number | PGS '98 |
| Item number | GRA #13 |
| 100 ## - MAIN ENTRY--PERSONAL NAME | |
| Personal name | Grandea, Maria Socorro Jereza |
| 245 ## - TITLE STATEMENT | |
| Title | The Use of the math center and how it affects the Southville Internatonal School grade six students school year 1997-1998. |
| 942 ## - ADDED ENTRY ELEMENTS (KOHA) | |
| Koha item type | PASS |
| Withdrawn status | Lost status | Damaged status | Home library | Current library | Shelving location | Date acquired | Source of acquisition | Total Checkouts | Full call number | Barcode | Date last seen | Price effective from | Koha item type |
|---|---|---|---|---|---|---|---|---|---|---|---|---|---|
| Luxembourg Library | Luxembourg Library | Portfolio Assessment of SISC Students Section | 06/02/2003 | PGS '98 GRA #13 | P0035 | 04/08/2014 | 04/08/2014 | PASS |